00785 a2200193 450000500170000001000150001702000260003203500140005803700090007208200170008124501290009826000370022727000630026430000200032770000360034794200330038399900190041695201560043520251203153829.0 aENG-147222 a9788188965700c425.00 aEN-130754 bDBAD a342.5408521 aElusive Equality: bConstitutional Guarantees and Legal Regimes in South Asia, Malaysia and China/cEdited by Indira Jaising aNew DelhibWomen Unlimitedc2011 aK-36, Hauz Khas Enclave, Ground Floor,bNew Delhie110 016 a252p.c24cm(Hb) aJaising, Indira eEditor985848 adplcEN2ddch342.54085mELU c213832d213832 001040708NFICaMbMd2025-12-03eDelivery of Books Act Divisiong425.00l0o342.54085 ELUpEN-130754r2025-12-03 00:00:00t1v425.00w2025-12-03yEN